[Event "SN-2011-0-00413"]
[Site "Lechenicher SchachServer"]
[Date "2012.01.11"]
[Round "?"]
[White "Molina, Vicente Andres"]
[Black "Croke, Pat"]
[Result "1-0"]
[WhiteElo "805"]
[BlackElo "665"]
[PlyCount "97"]
[EventDate "2011.12.29"]

1. e4 e5 2. Nf3 Nc6 3. c3 Nf6 4. d4 Nxe4 5. Bc4 d5 6. Bb5 Bd6 7. dxe5 Bc5 8.
O-O O-O 9. b4 Bb6 10. Be3 Bxe3 11. fxe3 Bg4 12. Qb3 Bxf3 13. Rxf3 Nxe5 14. Rh3
c6 15. Be2 f5 16. Na3 f4 17. exf4 Rxf4 18. Re1 Qg5 19. c4 d4 20. c5+ Kh8 21.
Nc4 Nxc4 22. Qxc4 Nd2 23. Qd3 Ne4 24. Bf3 Nf6 25. Re6 Re8 26. Rxf6 Rh4 27. Rf5
Qc1+ 28. Bd1 Rxh3 29. gxh3 g6 30. Qxd4+ Kg8 31. Rf1 Qg5+ 32. Kh1 Qd5+ 33. Qxd5+
cxd5 34. Bf3 d4 35. Bxb7 Re3 36. Bd5+ Kg7 37. Rf7+ Kh6 38. Rxa7 d3 39. Bb3 d2
40. Rd7 Re1+ 41. Kg2 Re2+ 42. Kg3 Re3+ 43. Kf2 Rxh3 44. Rxd2 Rxh2+ 45. Ke3 Rh3+
46. Kf4 Rh4+ 47. Ke5 Rh5+ 48. Kd6 g5 49. c6 1-0

[Event "corr freechess"]
[Site "freechess.de"]
[Date "2012.01.11"]
[Round "?"]
[White "Johner, Christof"]
[Black "Jud, Cornel"]
[Result "0-1"]
[WhiteElo "1670"]
[BlackElo "1800"]
[PlyCount "90"]
[EventDate "2012.??.??"]
[EventType "tourn (corr)"]
[SourceTitle "OM Corr 202003"]
[Source "Opening Master"]
[SourceDate "2019.05.30"]
[SourceVersion "2"]
[SourceVersionDate "2019.05.30"]
[SourceQuality "1"]

1. e4 e5 2. Nf3 Nc6 3. c3 Nf6 4. d4 exd4 5. e5 Ng8 6. cxd4 d5 7. Bb5 Bb4+ 8.
Bd2 Bxd2+ 9. Nbxd2 Nge7 10. Nb3 a6 11. Bxc6+ Nxc6 12. O-O O-O 13. a4 a5 14. Re1
Bg4 15. Re3 Qc8 16. Nc5 Nd8 17. Qd3 Ne6 18. Nxe6 fxe6 19. Rc1 Qd7 20. b3 Rf4
21. Ng5 Rf5 22. f4 Bh5 23. h3 Bg6 24. Qb5 c6 25. Qf1 h6 26. g4 Rff8 27. Nxe6
Qxe6 28. f5 Qe7 29. e6 Qg5 30. Rf3 Bxf5 31. Re1 Be4 32. Rf7 Rab8 33. Qf2 Rfe8
34. Rxe4 dxe4 35. d5 Qxd5 36. Qb2 Qg5 37. Rf5 Qe3+ 38. Kg2 Rxe6 39. g5 Rd8 40.
Rf2 Qxg5+ 41. Kh2 Rd1 42. Rg2 Qf4+ 43. Rg3 Rd2+ 44. Qxd2 Qxd2+ 45. Rg2 e3 0-1

[Event "Oberliga NRW 1112"]
[Site "Germany"]
[Date "2012.01.08"]
[Round "5.3"]
[White "Schaefer, Markus"]
[Black "Erwich, Frank"]
[Result "1-0"]
[WhiteElo "2423"]
[BlackElo "2340"]
[PlyCount "65"]
[EventDate "2011.09.18"]
[EventType "team-tourn"]
[EventRounds "9"]
[EventCountry "GER"]
[SourceTitle "EXT 2015"]
[Source "ChessBase"]
[SourceDate "2014.11.20"]
[SourceVersion "1"]
[SourceVersionDate "2014.11.20"]
[SourceQuality "1"]
[WhiteTeam "Porz II"]
[BlackTeam "Erkenschwick"]
[WhiteTeamCountry "GER"]
[BlackTeamCountry "GER"]

1. e4 e5 2. Nf3 Nc6 3. c3 d5 4. Qa4 dxe4 5. Nxe5 Qd5 6. Nxc6 bxc6 7. Bc4 Qd7 8.
d3 exd3 9. O-O Bd6 10. Bxd3 Ne7 11. Qe4 Bb7 12. Rd1 O-O-O 13. Na3 Bxa3 14. bxa3
c5 15. Qc4 Qc6 16. f3 Nd5 17. Rb1 Nb6 18. Qxf7 c4 19. Bf5+ Kb8 20. Rxd8+ Rxd8
21. Be3 Qa4 22. Bf4 Nd5 23. Be4 Qa5 24. Bxd5 Qc5+ 25. Kf1 Qxd5 26. Qxc7+ Ka8
27. Rxb7 Qd1+ 28. Kf2 Rd2+ 29. Kg3 Rxg2+ 30. Kxg2 Qe2+ 31. Kg3 Qe1+ 32. Kg4
Qe6+ 33. Kh4 1-0

[Event "SVK-chT2D 1112"]
[Site "Slovakia"]
[Date "2012.01.07"]
[Round "7.4"]
[White "Stec, Juraj"]
[Black "Kluka, Vojtech"]
[Result "1-0"]
[WhiteElo "1999"]
[BlackElo "1754"]
[PlyCount "71"]
[EventDate "2011.10.08"]
[EventType "team-tourn"]
[EventRounds "11"]
[EventCountry "SVK"]
[SourceTitle "EXT 2013"]
[Source "ChessBase"]
[SourceDate "2012.11.22"]
[SourceVersion "1"]
[SourceVersionDate "2012.11.22"]
[SourceQuality "1"]

1. e4 e5 2. Nf3 Nc6 3. c3 Nf6 4. d4 Qe7 5. d5 Nd8 6. Bd3 d6 7. c4 g6 8. Nc3 Bg7
9. Be3 Ng4 10. Bg5 f6 11. Bd2 O-O 12. h3 Nh6 13. O-O f5 14. Bg5 Qe8 15. Nh2
Ndf7 16. f4 fxe4 17. Nxe4 exf4 18. Nf6+ Bxf6 19. Bxf6 Qe3+ 20. Kh1 Ne5 21. Bxe5
dxe5 22. Re1 Qd4 23. Nf3 Qxb2 24. Re2 Qb6 25. Rxe5 Bf5 26. Rb1 Qa6 27. Bxf5
Nxf5 28. Re6 Qxa2 29. Rxb7 Qxc4 30. Rc6 Qe4 31. Rcxc7 Rad8 32. Qa1 Rf7 33. Rxf7
Qxd5 34. Rg7+ Kf8 35. Qf6+ Ke8 36. Rge7+ 1-0

[Event "CZE-chT 1112"]
[Site "Czechia"]
[Date "2012.01.07"]
[Round "5.3"]
[White "Simacek, Pavel"]
[Black "Murdzia, Piotr"]
[Result "1-0"]
[WhiteElo "2462"]
[BlackElo "2472"]
[PlyCount "153"]
[EventDate "2011.10.08"]
[EventType "team-tourn"]
[EventRounds "11"]
[EventCountry "CZE"]
[SourceTitle "EXT 2013"]
[Source "ChessBase"]
[SourceDate "2012.11.22"]
[SourceVersion "1"]
[SourceVersionDate "2012.11.22"]
[SourceQuality "1"]
[WhiteTeam "Grygov"]
[BlackTeam "Ostrava Poruba"]
[WhiteTeamCountry "CZE"]
[BlackTeamCountry "CZE"]

1. e4 e5 2. Nf3 Nc6 3. c3 Nf6 4. d4 d6 5. Bd3 Be7 6. d5 Nb8 7. c4 O-O 8. Nc3 a5
9. a3 Na6 10. b4 Bd7 11. Rb1 axb4 12. axb4 c5 13. dxc6 bxc6 14. O-O c5 15. b5
Nb4 16. Ne1 Ne8 17. Nd5 Nxd5 18. cxd5 Bg5 19. Bxg5 Qxg5 20. Nf3 Qd8 21. Nd2 Rb8
22. Qb3 Rb6 23. Qc3 Rb7 24. Rb3 f5 25. exf5 Nf6 26. f4 exf4 27. Rxf4 Re8 28.
Bc4 Re1+ 29. Nf1 Re5 30. Ne3 Kf8 31. Qd3 Qa5 32. Ra3 Qe1+ 33. Rf1 Qh4 34. g3
Qd4 35. Qxd4 cxd4 36. Nc2 Nxd5 37. Nxd4 Ne3 38. Ra8+ Ke7 39. Rc1 Nxc4 40. Rxc4
Rc5 41. Rb4 Bxf5 42. b6 Be4 43. Nb3 Bd5 44. Nxc5 dxc5 45. Rb2 c4 46. Rd2 Ke6
47. Re8+ Kf7 48. Rc8 Ke6 49. Rd8 Bf3 50. Kf2 c3 51. R2d3 Bh1 52. Re3+ Kf7 53.
Rd6 c2 54. Rc3 Ke7 55. Rd4 Rxb6 56. Rxc2 Kf6 57. Rc7 Rb2+ 58. Kg1 Rb1+ 59. Kf2
Rb2+ 60. Ke3 Rxh2 61. Rf4+ Kg6 62. Rg4+ Kf6 63. Rgxg7 h5 64. Rcf7+ Ke6 65. Rf2
Rh3 66. Rg6+ Ke5 67. Rg5+ Ke6 68. Kf4 h4 69. Rg6+ Ke7 70. g4 Bd5 71. Ke5 Bb3
72. Rg7+ Ke8 73. Rf6 Re3+ 74. Kf4 Rd3 75. Rh6 Kf8 76. Rc7 Rd4+ 77. Kg5 1-0

[Event "OP-2012-0-01988"]
[Site "Lechenicher SchachServer"]
[Date "2012.01.06"]
[Round "?"]
[White "Newton, Daryl"]
[Black "Gimenes, Hamilton"]
[Result "0-1"]
[WhiteElo "602"]
[BlackElo "1206"]
[PlyCount "46"]
[EventDate "2012.01.03"]

1. e4 e5 2. Nf3 Nc6 3. c3 Nf6 4. d4 Nxe4 5. Qc2 d5 6. dxe5 Bc5 7. b4 Bxf2+ 8.
Ke2 Bf5 9. h3 Ng3+ 10. Kxf2 Nxh1+ 11. Kg1 Bxc2 12. Bf4 d4 13. Kxh1 d3 14. Na3
a6 15. Nxc2 dxc2 16. Be2 Qd5 17. a3 Qe4 18. Ne1 Qxe2 19. Rc1 Qf1+ 20. Kh2 Qxf4+
21. g3 Qxc1 22. Nxc2 Qxc2+ 23. Kg1 O-O-O 0-1

[Event "Rilton Cup 41st"]
[Site "Stockholm"]
[Date "2012.01.05"]
[Round "9"]
[White "Holving, Rasmus"]
[Black "Hansson, Fredrik"]
[Result "0-1"]
[WhiteElo "2221"]
[BlackElo "1985"]
[PlyCount "74"]
[EventDate "2011.12.27"]
[EventType "swiss"]
[EventRounds "9"]
[EventCountry "SWE"]
[SourceTitle "CBM 146 Extra"]
[Source "ChessBase"]
[SourceDate "2012.02.29"]
[SourceVersion "1"]
[SourceVersionDate "2012.02.29"]
[SourceQuality "1"]

1. e4 e5 2. Nf3 Nc6 3. c3 d5 4. Qa4 f6 5. Bb5 Nge7 6. exd5 Qxd5 7. d4 Bg4 8.
Nbd2 exd4 9. O-O O-O-O 10. cxd4 Nxd4 11. Nxd4 Qxd4 12. Bc4 Bd7 13. Qc2 Bc6 14.
Re1 Kb8 15. Be6 Qd3 16. Qxd3 Rxd3 17. Nb3 b6 18. Be3 g6 19. Nd4 Bd5 20. Bg4 Nc6
21. Ne2 Bf7 22. Rec1 Ne5 23. Bh3 Be7 24. g3 Rhd8 25. Nf4 R3d6 26. Bf1 g5 27.
Nh3 Bd5 28. Bg2 Nf3+ 29. Kh1 c5 30. Rd1 Bb7 31. Rxd6 Rxd6 32. Ng1 Nxg1 33. Kxg1
Bxg2 34. Kxg2 Kb7 35. Kf3 f5 36. h4 g4+ 37. Kf4 Rd5 0-1

[Event "GRE-ch U18 Girls"]
[Site "Nikaia"]
[Date "2012.01.05"]
[Round "4"]
[White "Pramateftaki, Loukia"]
[Black "Anthopoulou, Ioanna"]
[Result "1-0"]
[WhiteElo "1333"]
[BlackElo "1315"]
[PlyCount "153"]
[EventDate "2012.01.03"]
[EventType "swiss"]
[EventRounds "9"]
[EventCountry "GRE"]
[SourceTitle "CBM 146 Extra"]
[Source "ChessBase"]
[SourceDate "2012.02.29"]
[SourceVersion "1"]
[SourceVersionDate "2012.02.29"]
[SourceQuality "1"]

1. e4 e5 2. Nf3 Nc6 3. c3 Nf6 4. d4 exd4 5. e5 Nd5 6. cxd4 Bb4+ 7. Bd2 O-O 8.
Bc4 Nb6 9. Bb3 Bxd2+ 10. Qxd2 d6 11. O-O Bg4 12. Bc2 Bxf3 13. Qd3 g6 14. Qxf3
Nxd4 15. Qd3 dxe5 16. Rd1 c5 17. Qe4 Qc7 18. Nc3 Rad8 19. Rac1 a6 20. Re1 Rfe8
21. Re3 Nc4 22. Rh3 f6 23. Qh4 Rd6 24. Bxg6 Re7 25. Rg3 hxg6 26. Rxg6+ Rg7 27.
Rxf6 Rxf6 28. Qxf6 Qd7 29. b3 Nd2 30. Rd1 Qg4 31. g3 N4f3+ 32. Kg2 Nh4+ 33. Kh1
Nhf3 34. Rxd2 Nxd2 35. Qd8+ Kh7 36. Qxd2 Rd7 37. Qc2+ Kh8 38. Kg2 Rf7 39. Na4
Qf3+ 40. Kg1 Rd7 41. Nb2 e4 42. Qxc5 Rf7 43. Qd4+ Kh7 44. Nc4 Qd3 45. Qxd3 exd3
46. Ne5 Rc7 47. Nxd3 Rd7 48. Nc5 Rc7 49. b4 Kg6 50. Kg2 Re7 51. a3 b6 52. Nxa6
Ra7 53. b5 Rd7 54. h4 Rd4 55. Nb8 Rd8 56. Nc6 Ra8 57. Ne5+ Kh6 58. Nd7 Rxa3 59.
Nxb6 Rb3 60. Nd5 Rxb5 61. Nf4 Rf5 62. Kf3 Rc5 63. g4 Rc3+ 64. Kg2 Rc4 65. Kg3
Rc3+ 66. f3 Rc6 67. g5+ Kg7 68. h5 Rc8 69. Kg4 Rg8 70. Nd5 Rf8 71. f4 Kh7 72.
f5 Rd8 73. Nf6+ Kg7 74. h6+ Kh8 75. g6 Rd4+ 76. Kg5 Rd1 77. g7# 1-0

[Event "GRE-ch U18 Girls"]
[Site "Nikaia"]
[Date "2012.01.04"]
[Round "2"]
[White "Pramateftaki, Loukia"]
[Black "Andrianatou, Xanthoula"]
[Result "0-1"]
[WhiteElo "1333"]
[BlackElo "1005"]
[PlyCount "134"]
[EventDate "2012.01.03"]
[EventType "swiss"]
[EventRounds "9"]
[EventCountry "GRE"]
[SourceTitle "CBM 146 Extra"]
[Source "ChessBase"]
[SourceDate "2012.02.29"]
[SourceVersion "1"]
[SourceVersionDate "2012.02.29"]
[SourceQuality "1"]

1. e4 e5 2. Nf3 Nc6 3. c3 Nf6 4. d3 d5 5. Bg5 dxe4 6. Bxf6 gxf6 7. dxe4 Qxd1+
8. Kxd1 Bg4 9. Nbd2 O-O-O 10. Kc2 Bh6 11. Rd1 f5 12. exf5 Bxf5+ 13. Kc1 Bg4 14.
Bb5 e4 15. Bxc6 bxc6 16. Ne5 Bxd1 17. Rxd1 Rhg8 18. g3 Rxd2 19. Rxd2 Rd8 20. f4
exf3 21. Nxf3 Bxd2+ 22. Nxd2 Rd5 23. Ne4 Rf5 24. b4 Rf1+ 25. Kb2 f5 26. Ng5
Rf2+ 27. Kb3 Rxh2 28. a4 Rg2 29. Nxh7 Rxg3 30. Nf6 f4 31. Nh5 Rg4 32. Nf6 Rg2
33. Kc4 Re2 34. Ng4 Rg2 35. Nf6 f3 36. Kd3 Rb2 37. Ng4 f2 38. Nh2 Ra2 39. a5 c5
40. Ke3 cxb4 41. cxb4 Rb2 42. Kf3 Rxb4 43. Kxf2 Rb2+ 44. Kg3 Rxh2 45. Kxh2 Kb7
46. Kg2 Ka6 47. Kf2 Kxa5 48. Ke2 c5 49. Kd2 Kb5 50. Kc3 a5 51. Kb3 c4+ 52. Kc3
a4 53. Kc2 Kb4 54. Kb2 c3+ 55. Kc2 a3 56. Kb1 Kb3 57. Ka1 Kc2 58. Ka2 Kd2 59.
Kxa3 c2 60. Kb4 c1=Q 61. Kb3 Kd3 62. Kb4 Kd4 63. Kb3 Qc4+ 64. Kb2 Qc3+ 65. Kb1
Qd2 66. Ka1 Kc3 67. Kb1 Qb2# 0-1

[Event "SA-2011-0-00239"]
[Site "Lechenicher SchachServer"]
[Date "2012.01.04"]
[Round "?"]
[White "Vyzharov, Ivan"]
[Black "Avellan, Gerardo"]
[Result "0-1"]
[WhiteElo "2072"]
[BlackElo "2074"]
[PlyCount "116"]
[EventDate "2011.12.16"]
[SourceTitle "OM Corr 202003"]
[Source "Opening Master"]
[SourceDate "2019.05.30"]
[SourceVersion "2"]
[SourceVersionDate "2019.05.30"]
[SourceQuality "1"]

1. e4 e5 2. Nf3 Nc6 3. c3 d5 4. Qa4 f6 5. Bb5 Nge7 6. exd5 Qxd5 7. d4 e4 8. c4
Qd8 9. Nfd2 Kf7 10. Nxe4 Nxd4 11. c5 Nxb5 12. Qxb5 Qd7 13. Qe2 Nd5 14. O-O Qc6
15. Re1 Bf5 16. Nbd2 Re8 17. b4 Nxb4 18. Ba3 Nd5 19. Qf3 Bg6 20. Nc3 Nxc3 21.
Qxc3 Kg8 22. Nf3 h5 23. h3 Kh7 24. Rxe8 Bxe8 25. Nd4 Qd5 26. Re1 Bf7 27. Nb5
Qd7 28. Nxa7 c6 29. Re3 Qc7 30. Qb2 Kg8 31. Qb6 Qd7 32. Qb1 Rh6 33. Rd3 Qc7 34.
Qb6 Qe5 35. Qxb7 Rg6 36. Qxc6 Rg5 37. Nc8 Bd5 38. Qxd5+ Qxd5 39. Rxd5 Rxd5 40.
Nd6 Rd2 41. Bb4 Rxa2 42. f3 Ra4 43. Be1 Bxd6 44. cxd6 Ra1 45. Kf2 Rd1 46. Bb4
Rd4 47. Bc5 Rd5 48. Bb4 Rb5 49. d7 Rd5 50. g4 Rxd7 51. Kg3 Rd4 52. Be1 Kh7 53.
h4 Kg6 54. Bf2 Rc4 55. Be3 hxg4 56. fxg4 f5 57. h5+ Kf6 58. Bf4 fxg4 0-1

[Event "OP-2011-0-01981"]
[Site "Lechenicher SchachServer"]
[Date "2012.01.03"]
[Round "?"]
[White "Jaszczowski, Zdzislaw"]
[Black "Obrien, Glenn"]
[Result "0-1"]
[WhiteElo "918"]
[BlackElo "1267"]
[PlyCount "64"]
[EventDate "2011.12.31"]

1. e4 e5 2. Nf3 Nc6 3. c3 Nf6 4. d3 Bb4 5. cxb4 d6 6. a3 O-O 7. Nc3 h6 8. Be2
Ng4 9. O-O f5 10. exf5 Bxf5 11. h3 Nf6 12. Nh4 Bh7 13. g3 g5 14. Ng2 Nd4 15.
Ne4 Bxe4 16. dxe4 Nxe4 17. Bd3 d5 18. Bxe4 dxe4 19. Qh5 Nf3+ 20. Kh1 Rf6 21.
Be3 Rd6 22. Qg4 Qd7 23. Qh5 Qb5 24. h4 Rad8 25. hxg5 hxg5 26. Bxg5 R8d7 27. Nh4
Rh7 28. Qg4 Qd7 29. Qxd7 Rdxd7 30. Be3 Nxh4 31. Kg1 Nf3+ 32. Kg2 Rh2# 0-1

[Event "Staufer op 24th"]
[Site "Schwaebisch Gmuend"]
[Date "2012.01.02"]
[Round "1"]
[White "Starostits, Ilmars"]
[Black "Santos, Paulo J"]
[Result "1-0"]
[WhiteElo "2469"]
[BlackElo "1869"]
[PlyCount "85"]
[EventDate "2012.01.02"]
[EventType "swiss"]
[EventRounds "9"]
[EventCountry "GER"]
[SourceTitle "CBM 146 Extra"]
[Source "ChessBase"]
[SourceDate "2012.02.29"]
[SourceVersion "1"]
[SourceVersionDate "2012.02.29"]
[SourceQuality "1"]

1. e4 e5 2. Nf3 Nc6 3. c3 d5 4. Qa4 dxe4 5. Nxe5 Bd7 6. Nxd7 Qxd7 7. Qxe4+ Qe7
8. Qxe7+ Bxe7 9. d4 O-O-O 10. Bc4 f5 11. Be6+ Kb8 12. Bxf5 Nf6 13. O-O Rhf8 14.
Nd2 g6 15. Bc2 Nd5 16. g3 Nf6 17. Nc4 Bd6 18. Bh6 Rfe8 19. Nxd6 Rxd6 20. Bb3
Na5 21. Rae1 Rxe1 22. Rxe1 Nxb3 23. axb3 b6 24. Bg5 Nd5 25. h4 Rd7 26. Kg2 Kb7
27. Re8 c5 28. dxc5 bxc5 29. g4 Rf7 30. Kg3 a5 31. Bd8 Nc7 32. Bxc7 Rxc7 33. f4
Rd7 34. f5 gxf5 35. gxf5 Kc6 36. Kf4 Rd2 37. f6 h6 38. Re3 Kd7 39. f7 Rf2+ 40.
Rf3 Rxf3+ 41. Kxf3 Ke7 42. Ke4 Kxf7 43. Kd5 1-0

[Event "Hastings Masters op 87th"]
[Site "Hastings"]
[Date "2012.01.01"]
[Round "5"]
[White "Simacek, Pavel"]
[Black "Franklin, Samuel Gideon"]
[Result "1-0"]
[WhiteElo "2448"]
[BlackElo "2179"]
[PlyCount "95"]
[EventDate "2011.12.28"]
[EventType "swiss"]
[EventRounds "9"]
[EventCountry "ENG"]
[SourceTitle "CBM 146 Extra"]
[Source "ChessBase"]
[SourceDate "2012.02.29"]
[SourceVersion "1"]
[SourceVersionDate "2012.02.29"]
[SourceQuality "1"]

1. e4 e5 2. Nf3 Nc6 3. c3 Nf6 4. d4 Nxe4 5. d5 Ne7 6. Nxe5 Nf6 7. Bg5 Nexd5 8.
Qxd5 Nxd5 9. Bxd8 f6 10. Bxc7 Nxc7 11. Nf3 b6 12. Nbd2 Bb7 13. Bd3 O-O-O 14.
O-O Ne6 15. Rfe1 Kb8 16. Be4 d5 17. Bxh7 d4 18. Be4 dxc3 19. bxc3 Bxe4 20. Rxe4
Nc5 21. Rd4 Bd6 22. Nc4 Bc7 23. Ne3 Ne6 24. Rxd8+ Rxd8 25. Rd1 Rxd1+ 26. Nxd1
Kb7 27. g3 Kc6 28. Kf1 Kb5 29. Nb2 Bd6 30. Ke2 Ba3 31. Nd1 Bc5 32. Ne1 Ka4 33.
Nc2 Kb5 34. Kd3 Be7 35. Nde3 a5 36. h4 Kc5 37. h5 b5 38. Nd4 Nc7 39. g4 Bf8 40.
f4 b4 41. c4 a4 42. Nef5 Kb6 43. g5 fxg5 44. fxg5 Kc5 45. g6 Kb6 46. Nxg7 Bxg7
47. Nf5 b3 48. a3 1-0

[Event "82nd GK tournament"]
[Site "http://gameknot.com/chess.pl?"]
[Date "2012.01.01"]
[Round "?"]
[White "Henrycrun"]
[Black "Twobking"]
[Result "1-0"]
[WhiteElo "2339"]
[BlackElo "2192"]
[PlyCount "81"]
[EventDate "2012.??.??"]
[SourceTitle "OM Portal C 201906"]
[Source "Opening Master"]
[SourceDate "2019.06.27"]
[SourceVersion "1"]
[SourceVersionDate "2019.06.27"]
[SourceQuality "1"]

1. e4 e5 2. Nf3 Nc6 3. c3 Nf6 4. d4 exd4 5. e5 Nd5 6. cxd4 Bb4+ 7. Bd2 Bxd2+ 8.
Nbxd2 O-O 9. Qb3 Nb6 10. Bd3 d6 11. Be4 d5 12. Bc2 f6 13. O-O fxe5 14. dxe5 Qe7
15. Rfe1 Be6 16. Rac1 Rf4 17. a3 Raf8 18. Qc3 a5 19. Bb1 g5 20. h3 h5 21. g3
R4f7 22. b4 axb4 23. axb4 Nc4 24. b5 Nd8 25. Re2 Bxh3 26. Nd4 Bg4 27. f3 Nxd2
28. Qxd2 Bxf3 29. e6 Rg7 30. Nxf3 Rxf3 31. Kg2 Rf8 32. Qxd5 c6 33. Qa2 Kh8 34.
Re3 h4 35. Qe2 Kg8 36. Rd1 h3+ 37. Kxh3 Re8 38. Kg2 g4 39. Rd7 Qf6 40. Rxg7+
Qxg7 41. e7 1-0

[Event "Hessen-ch U12"]
[Site "Bad Homburg"]
[Date "2012.??.??"]
[Round "9"]
[White "Schmidt, Sarah"]
[Black "Flach, Helene"]
[Result "1-0"]
[WhiteElo "1099"]
[BlackElo "925"]
[PlyCount "121"]
[EventDate "2012.04.??"]
[EventType "swiss"]
[EventRounds "9"]
[EventCountry "GER"]
[SourceTitle "EXT 2015"]
[Source "ChessBase"]
[SourceDate "2014.11.20"]
[SourceVersion "1"]
[SourceVersionDate "2014.11.20"]
[SourceQuality "1"]

1. e4 e5 2. Nf3 Nc6 3. c3 Nf6 4. d3 Be7 5. Bg5 h6 6. Bxf6 Bxf6 7. d4 d6 8. Bb5
Bd7 9. O-O O-O 10. Bxc6 Bxc6 11. Nbd2 Re8 12. Re1 d5 13. dxe5 Bxe5 14. exd5
Qxd5 15. Nb3 Qd6 16. Nxe5 Rxe5 17. Qxd6 cxd6 18. Rxe5 dxe5 19. Re1 f6 20. Nd2
Rd8 21. Nc4 Bd5 22. Rd1 Rc8 23. Rxd5 Rxc4 24. Rd8+ Kh7 25. Rd7 Ra4 26. Rxb7
Rxa2 27. f3 h5 28. Kf2 h4 29. Ke3 f5 30. g3 hxg3 31. hxg3 Kh6 32. Rb5 g6 33. b4
Ra3 34. Rc5 Kh5 35. Kd2 Ra2+ 36. Ke3 Rg2 37. Rxe5 Rxg3 38. Ra5 Kh6 39. Rxa7 g5
40. Ra6+ Kh5 41. Kf2 f4 42. b5 g4 43. fxg4+ Kxg4 44. Rg6+ Kh3 45. Rxg3+ fxg3+
46. Kg1 g2 47. b6 Kg3 48. b7 Kf3 49. b8=Q Ke3 50. Qg3+ Kd2 51. Kxg2 Kc2 52. Qe3
Kb3 53. Qd4 Kc2 54. Qc4 Kd2 55. Kf3 Kc2 56. Ke3 Kb2 57. Kd3 Ka1 58. Qa4+ Kb2
59. c4 Kb1 60. Kc3 Kc1 61. Qc2# 1-0

[Event "Dois Irmaos Regional Sul"]
[Site "Dois Irmaos"]
[Date "2012.??.??"]
[Round "6"]
[White "Born, Ary"]
[Black "Abrahao, Kalil"]
[Result "1-0"]
[WhiteElo "1470"]
[BlackElo "1800"]
[PlyCount "109"]
[EventDate "2012.10.12"]
[EventType "swiss"]
[EventRounds "6"]
[EventCountry "BRA"]
[SourceTitle "EXT 2013"]
[Source "ChessBase"]
[SourceDate "2012.11.22"]
[SourceVersion "1"]
[SourceVersionDate "2012.11.22"]
[SourceQuality "1"]

1. e4 e5 2. Nf3 Nc6 3. c3 Nf6 4. d4 exd4 5. cxd4 Nxe4 6. Bc4 Nd6 7. Qe2+ Qe7 8.
Be3 Na5 9. Na3 h6 10. O-O Nf5 11. Bf4 Qxe2 12. Bxe2 Bxa3 13. bxa3 O-O 14. Bxc7
Nc6 15. Rad1 b6 16. g4 Nfe7 17. Ne5 Nd5 18. Bd6 Re8 19. Bc4 Nxe5 20. dxe5 Nc3
21. Rd4 b5 22. Bd3 Bb7 23. Rc1 Nd5 24. Bxb5 Rad8 25. Bc4 Nb6 26. Bb3 Rc8 27.
Rc7 Rxc7 28. Bxc7 Rc8 29. Bxb6 Rc1+ 30. Rd1 Rxd1+ 31. Bxd1 axb6 32. a4 g5 33.
f3 Kf8 34. Kf2 Ke7 35. Ke3 Ke6 36. Kd4 Bd5 37. Bb3 Bxb3 38. axb3 f6 39. exf6
Kxf6 40. b4 Ke6 41. a5 Kd6 42. a6 Kc7 43. b5 d6 44. Kd5 Kb8 45. Kxd6 Ka7 46.
Kc7 h5 47. gxh5 g4 48. fxg4 Ka8 49. Kxb6 Kb8 50. Kc6 Ka7 51. h6 Kb8 52. b6 Ka8
53. Kd7 Kb8 54. b7 Ka7 55. Kc8 1-0

[Event "Hessen-ch U12"]
[Site "Bad Homburg"]
[Date "2012.??.??"]
[Round "5"]
[White "Schmidt, Sarah"]
[Black "Rogalski, Maximilian"]
[Result "1/2-1/2"]
[WhiteElo "1099"]
[BlackElo "972"]
[PlyCount "109"]
[EventDate "2012.04.??"]
[EventType "swiss"]
[EventRounds "9"]
[EventCountry "GER"]
[SourceTitle "EXT 2015"]
[Source "ChessBase"]
[SourceDate "2014.11.20"]
[SourceVersion "1"]
[SourceVersionDate "2014.11.20"]
[SourceQuality "1"]

1. e4 e5 2. Nf3 Nc6 3. c3 Nf6 4. d4 exd4 5. e5 Nd5 6. cxd4 Bb4+ 7. Bd2 d6 8.
Bxb4 Ndxb4 9. Nc3 Bg4 10. Bb5 Bxf3 11. Bxc6+ Nxc6 12. Qxf3 Nxd4 13. Qe4 Ne6 14.
exd6 Qxd6 15. Qxb7 O-O 16. O-O Qb6 17. Qxb6 cxb6 18. Rfd1 Rfd8 19. Ne2 Rac8 20.
Rac1 Rxd1+ 21. Rxd1 Rc2 22. Rc1 Rxc1+ 23. Nxc1 Nd4 24. Nd3 Nc6 25. a3 Kf8 26.
Kf1 Ke7 27. Ke2 Kf6 28. Ke3 h6 29. h4 g5 30. hxg5+ hxg5 31. g3 Kf5 32. f4 gxf4+
33. gxf4 f6 34. b4 a6 35. a4 Ke6 36. b5 axb5 37. axb5 Na7 38. Nb2 Nxb5 39. Nc4
Nc3 40. Nxb6 Nd5+ 41. Nxd5 Kxd5 42. Kd3 f5 43. Ke3 Kc4 44. Ke2 Kd4 45. Kf3 Kd3
46. Kf2 Ke4 47. Kg3 Ke3 48. Kg2 Kxf4 49. Kf2 Ke4 50. Ke2 f4 51. Kf2 f3 52. Kf1
Ke3 53. Ke1 f2+ 54. Kf1 Kd4 55. Kxf2 1/2-1/2

[Event "Hessen-ch U12"]
[Site "Bad Homburg"]
[Date "2012.??.??"]
[Round "4"]
[White "Lesche, Sven"]
[Black "Lehrer, Simon"]
[Result "1-0"]
[WhiteElo "753"]
[BlackElo "846"]
[PlyCount "83"]
[EventDate "2012.04.??"]
[EventType "swiss"]
[EventRounds "9"]
[EventCountry "GER"]
[SourceTitle "EXT 2015"]
[Source "ChessBase"]
[SourceDate "2014.11.20"]
[SourceVersion "1"]
[SourceVersionDate "2014.11.20"]
[SourceQuality "1"]

1. e4 e5 2. Nf3 Nc6 3. c3 Nf6 4. d3 d5 5. exd5 Nxd5 6. d4 exd4 7. Qe2+ Be7 8.
cxd4 O-O 9. Qc2 Bb4+ 10. Nc3 Qe7+ 11. Be2 Re8 12. O-O Nxc3 13. bxc3 Bd6 14. Bc4
a6 15. Ng5 g6 16. Bxf7+ Kf8 17. Bxe8 Qxe8 18. Nxh7+ Kf7 19. Ng5+ Kg7 20. d5 Qh8
21. h3 Bf5 22. Qb2 Ne5 23. c4 Be7 24. Qxe5+ Kg8 25. Qxe7 Rf8 26. Ba3 Qg7 27.
Qxf8+ Qxf8 28. Bxf8 Kxf8 29. Ne6+ Bxe6 30. dxe6 Ke8 31. Rfe1 Ke7 32. Rad1 c6
33. Rd7+ Ke8 34. Rxb7 Kd8 35. e7+ Ke8 36. Rb8+ Kf7 37. e8=Q+ Kf6 38. Qe6+ Kg7
39. Rb7+ Kh6 40. Qe3+ Kh5 41. g4+ Kh4 42. Qh6# 1-0

[Event "POL-ch Teachers"]
[Site "Krakow"]
[Date "2012.??.??"]
[Round "3"]
[White "Michalik, Marek"]
[Black "Matras, Agnieszka"]
[Result "1/2-1/2"]
[WhiteElo "1893"]
[BlackElo "2264"]
[PlyCount "115"]
[EventDate "2012.??.??"]
[EventType "swiss"]
[EventRounds "9"]
[EventCountry "POL"]
[SourceTitle "EXT 2014"]
[Source "ChessBase"]
[SourceDate "2013.11.20"]
[SourceVersion "1"]
[SourceVersionDate "2013.11.20"]
[SourceQuality "1"]

1. e4 e5 2. Nf3 Nc6 3. c3 Nf6 4. d4 Nxe4 5. d5 Ne7 6. Nxe5 Ng6 7. Bd3 Nxf2 8.
Bxg6 Bc5 9. Bxf7+ Kf8 10. Qf3 Qf6 11. b4 Qxe5+ 12. Kf1 Bb6 13. Bh5+ Qf6 14.
Qxf6+ gxf6 15. Bh6+ Ke7 16. Nd2 Nd3 17. Ke2 Ne5 18. Rhf1 Rg8 19. g3 d6 20. Rae1
Bg4+ 21. Bxg4 Nxg4 22. Kd1+ Kf7 23. Re6 Rg6 24. Bf4 Re8 25. h3 Nf2+ 26. Ke2
Nxh3 27. Rxe8 Kxe8 28. Rh1 Nxf4+ 29. gxf4 h6 30. Kf3 Kf7 31. f5 Rg5 32. Kf4 Rg2
33. Ne4 Kg7 34. Rh3 Rg1 35. b5 Rf1+ 36. Rf3 Rxf3+ 37. Kxf3 h5 38. c4 Ba5 39. a4
Kh6 40. Kg3 Be1+ 41. Kf4 Bh4 42. c5 dxc5 43. Nxc5 Bf2 44. Nxb7 h4 45. Nd8 h3
46. Kf3 Bb6 47. Ne6 Kh5 48. Kg3 h2 49. Kxh2 Kg4 50. Ng7 Kf4 51. Kh3 Ke5 52. Kg4
Kxd5 53. Kh5 c6 54. bxc6 Kxc6 55. Kg6 Bd4 56. Ne8 Kc5 57. Nxf6 Kb4 58. Nd5+
1/2-1/2